000 00364nam a2200145Ia 4500
008 210210b1992 xxu||||| |||| 00| 0 eng d
082 _a616.462K KAPM
100 _aKAPANIPATAYYA (En).
245 _aMadhumehakku madduntu !
260 _aBengaluru.
_bJanapada Prakashana,
_c1992
300 _a52
650 _aMadhumeha
690 _aDiseases
906 _a045795
999 _c95292
_d95292